| 000 | 00632nam a2200193 a 4500 | ||
|---|---|---|---|
| 005 | 20140412111234.0 | ||
| 008 | 001115s19uu xx 00 eng d | ||
| 020 | _a0-394-82687-6 | ||
| 050 |
_aER _bSh1 |
||
| 100 | _aSeuss, Dr. | ||
| 245 |
_aThe shape of me and other stuff / _cDr. Seus. |
||
| 260 |
_aNew York : _bBeginner Books, _c1973. |
||
| 300 | _a1 v. (unp.) ; ill. ; col. | ||
| 440 | _aBeginner Books | ||
| 520 | _aRhyme and silouhette drawings introduce the shapes of bugs, peanuts, camels, spider webs, and many other familiar objects. | ||
| 650 | _aSizes and shapes | ||
| 650 | _aChildren stories | ||
| 999 |
_c102321 _d102321 |
||